[Event "Championnat de France - Open A"]
[Site "Nimes"]
[Date "2009.08.16"]
[Round "6.6"]
[White "Lam, Sophie"]
[Black "Forestier, Carole"]
[Result "1/2-1/2"]
[WhiteElo "2076"]
[BlackElo "2111"]
[PlyCount "34"]
[EventDate "2009.??.??"]

1. e4 e6 2. d4 d5 3. Nd2 dxe4 4. Nxe4 Nf6 5. Bg5 Be7 6. Nxf6+ Bxf6 7. Bxf6 Qxf6
8. Bb5+ Bd7 9. Bxd7+ Nxd7 10. Nf3 O-O 11. O-O e5 12. dxe5 Nxe5 13. Nxe5 Qxe5
14. c3 Rfe8 15. Re1 Qxe1+ 16. Qxe1 Rxe1+ 17. Rxe1 Rf8 1/2-1/2

[Event "Championnat de France - Open A"]
[Site "Nimes"]
[Date "2009.08.16"]
[Round "6.7"]
[White "Prost, Frederic"]
[Black "Castro, John"]
[Result "1/2-1/2"]
[WhiteElo "2147"]
[BlackElo "2071"]
[Annotator "Rivier,Sylvain"]
[PlyCount "43"]
[EventDate "2009.??.??"]

1. d4 Nf6 2. c4 g6 3. Nc3 Bg7 4. e4 d6 5. Nf3 O-O 6. h3 c5 7. e5 Na6 8. Bd3 Nc7
9. O-O b5 10. cxb5 a6 11. Re1 Nd7 12. bxa6 Bxa6 13. Bf4 Nb6 14. Rc1 Bxd3 15.
Qxd3 Na6 16. b3 Nb4 17. Qe3 Nxa2 18. Nxa2 Rxa2 19. Bh6 Qb8 20. b4 cxb4 21. Bxg7
Kxg7 {suite illisible} 22. Qe4 1/2-1/2

[Event "Championnat de France - Open A"]
[Site "Nimes"]
[Date "2009.08.16"]
[Round "6.8"]
[White "Guezennec, Franck"]
[Black "Bouget, Alexandre"]
[Result "1/2-1/2"]
[WhiteElo "2178"]
[BlackElo "2075"]
[PlyCount "56"]
[EventDate "2009.??.??"]

1. c4 Nf6 2. g3 g6 3. Bg2 Bg7 4. Nf3 O-O 5. O-O c6 6. d3 d5 7. Nbd2 Re8 8. Qc2
a5 9. Rb1 e5 10. e4 Na6 11. a3 dxe4 12. dxe4 Nc5 13. Ne1 a4 14. f3 Be6 15. Kh1
Qd4 16. Qd1 Bxc4 17. Nc2 Bb3 18. Nxd4 Bxd1 19. Rxd1 exd4 20. Nf1 Nb3 21. Bf4
Nd7 22. Nd2 Nxd2 23. Rxd2 Nc5 24. Bf1 Ne6 25. Bd6 Rad8 26. Bb4 Bf8 27. Bxf8
Kxf8 28. Rc1 Rd6 1/2-1/2

[Event "Championnat de France - Open A"]
[Site "Nimes"]
[Date "2009.08.16"]
[Round "6.10"]
[White "Lewertowski, Gabriel"]
[Black "Candy, Romain"]
[Result "0-1"]
[WhiteElo "2055"]
[BlackElo "2112"]
[PlyCount "58"]
[EventDate "2009.??.??"]

1. e4 c5 2. Nf3 d6 3. d4 cxd4 4. Nxd4 Nf6 5. Nc3 g6 6. Be3 Bg7 7. f3 Nc6 8. Qd2
O-O 9. Bc4 Bd7 10. O-O-O Rc8 11. Bb3 Nxd4 12. Bxd4 b5 13. Kb1 a5 14. a4 bxa4
15. Nxa4 Bxa4 16. Bxa4 Rc4 17. Bb3 Nxe4 18. Qe3 Rxd4 19. Rxd4 Bxd4 20. Qxd4 Nc5
21. Ba2 Qb6 22. h4 Qb4 23. Qd5 Na4 24. Bb3 Nb6 25. Qb7 a4 26. Ba2 a3 27. Bb3
axb2 28. Qxe7 Qa3 29. Ba2 Nc4 0-1

[Event "Championnat de France - Open A"]
[Site "Nimes"]
[Date "2009.08.18"]
[Round "7.1"]
[White "Ribeiro, Romain"]
[Black "Amoyal, Pierre"]
[Result "0-1"]
[WhiteElo "2141"]
[BlackElo "2139"]
[PlyCount "138"]
[EventDate "2009.??.??"]

1. e4 d5 2. exd5 Qxd5 3. Nc3 Qd6 4. d4 Nf6 5. Nb5 Qe6+ 6. Be2 Na6 7. c4 c6 8.
Nc3 g6 9. Nf3 Bg7 10. O-O O-O 11. Re1 Qd7 12. Bf4 Nc7 13. Qb3 Ne6 14. Be5 Bh6
15. Rad1 Nf4 16. Bxf4 Bxf4 17. Ne5 Qc7 18. Bf3 Bf5 19. g3 Bh6 20. Na4 Rad8 21.
Nc5 Bc8 22. Qa3 a6 23. Nb3 Bf5 24. Nd3 Rfe8 25. Bg2 Bf8 26. Ne5 Ng4 27. Qa5
Qxa5 28. Nxa5 Nxe5 29. dxe5 Bc8 30. b4 f6 31. c5 fxe5 32. Nc4 Bg7 33. Be4 Be6
34. Na5 Bc8 35. a4 Rd4 36. Rxd4 exd4 37. Bd3 e5 38. f4 Re7 39. Nc4 Be6 40. fxe5
Bd5 41. Nb6 Be6 42. Nc4 Bd5 43. Nb6 Bb3 44. Bc4+ Bxc4 45. Nxc4 Rd7 46. e6 Re7
47. Re4 d3 48. Kf2 Bc3 49. Nd6 Kg7 50. Nxb7 Kf6 51. Nd8 Re8 52. Rf4+ Ke5 53.
Nxc6+ Kd5 54. Na5 d2 55. Nc4 Rxe6 56. Nxd2 Bxd2 57. Rf7 Bxb4 58. Rxh7 Bxc5+ 59.
Kf3 Kc4 60. Rh4+ Kb3 61. Rg4 Bb4 62. h4 Kxa4 63. Rd4 Kb3 64. g4 a5 65. h5 gxh5
66. gxh5 a4 67. Rh4 a3 68. h6 a2 69. h7 Bc3 0-1

[Event "Championnat de France - Open A"]
[Site "Nimes"]
[Date "2009.08.18"]
[Round "7.2"]
[White "Muller, Anne"]
[Black "Laborde, Stephane"]
[Result "1/2-1/2"]
[WhiteElo "2130"]
[BlackElo "2087"]
[PlyCount "84"]
[EventDate "2009.??.??"]

1. e4 c5 2. Nf3 Nc6 3. d4 cxd4 4. Nxd4 Nf6 5. Nc3 e5 6. Ndb5 d6 7. Bg5 a6 8.
Na3 b5 9. Nd5 Be7 10. Bxf6 Bxf6 11. c3 Ne7 12. Nxf6+ gxf6 13. Nc2 Bb7 14. Bd3
d5 15. exd5 Qxd5 16. Ne3 Qe6 17. a4 O-O-O 18. Qc2 e4 19. Be2 f5 20. axb5 f4 21.
bxa6 Ba8 22. Bc4 Qg6 23. O-O fxe3 24. fxe3 f5 25. b4 Nc6 26. Qa2 Rd6 27. Rad1
Rhd8 28. Rxd6 Rxd6 29. Bd5 Qg5 30. Rf4 Ne5 31. c4 Nd3 32. Bxa8 Nxf4 33. Bb7+
Kd7 34. Qa4+ Ke7 35. exf4 Qg4 36. Bd5 Qe2 37. Qa1 Rg6 38. Qe5+ Kd8 39. Qh8+ Kd7
40. Qxh7+ Kd8 41. Qh8+ Kd7 42. Qh7+ Kd8 1/2-1/2

[Event "Championnat de France - Open A"]
[Site "Nimes"]
[Date "2009.08.18"]
[Round "7.3"]
[White "Billon, Olivier"]
[Black "Fantinel, Thibault"]
[Result "0-1"]
[WhiteElo "1991"]
[BlackElo "2089"]
[PlyCount "148"]
[EventDate "2009.??.??"]

1. e4 c5 2. Nf3 e6 3. Nc3 Nc6 4. d4 cxd4 5. Nxd4 Qc7 6. f4 a6 7. Be3 b5 8. Bd3
Bb7 9. Qf3 Nf6 10. O-O-O b4 11. Nce2 Na5 12. g4 d5 13. e5 Nd7 14. Kb1 Nc4 15.
Bc1 Qb6 16. Qh3 a5 17. f5 Ncxe5 18. fxe6 fxe6 19. g5 Nxd3 20. Rxd3 e5 21. Ne6
Nc5 22. Nxf8 Rxf8 23. Re3 Nd7 24. Rd1 Qg6 25. Nd4 Rf7 26. Nf3 Rc8 27. Rd2 e4
28. Qg4 Qf5 29. Qh4 g6 30. Rde2 Kf8 31. Nd4 Qe5 32. Nf3 Qd6 33. Nd4 Kg8 34. Rh3
Nc5 35. Be3 Ne6 36. Re1 Nxd4 37. Bxd4 Qc7 38. c3 Qd7 39. Qh6 Qf5 40. Ka1 bxc3
41. Bxc3 a4 42. Qh4 Qf2 43. Qg3 Rf3 44. Qxf2 Rxf2 45. Bd4 Rg2 46. Rc3 Rxg5 47.
Rxc8+ Bxc8 48. Rc1 Ba6 49. b3 axb3 50. axb3 Rf5 51. Rc6 Bd3 52. Rc8+ Kf7 53.
Rc7+ Ke6 54. Rxh7 Rf3 55. Bc5 Kf5 56. Kb2 Kf4 57. Rf7+ Kg4 58. Rd7 Rh3 59. Rxd5
Rxh2+ 60. Kc3 Kf3 61. Rg5 Rh5 62. Be7 Rh7 63. Bd6 Rg7 64. Kd4 Bc2 65. b4 Rd7
66. Rxg6 e3 67. Rf6+ Ke2 68. Kc3 Be4 69. Bf4 Rd3+ 70. Kb2 Kd2 71. Rd6 Bd5 72.
Bxe3+ Kxe3 73. b5 Kd2 74. Rh6 Rb3+ 0-1

[Event "Championnat de France - Open A"]
[Site "Nimes"]
[Date "2009.08.18"]
[Round "7.4"]
[White "Castro, John"]
[Black "Guennoun, Anthony"]
[Result "1-0"]
[WhiteElo "2071"]
[BlackElo "2151"]
[PlyCount "67"]
[EventDate "2009.??.??"]

1. e4 c5 2. Nf3 Nc6 3. d4 cxd4 4. Nxd4 Nf6 5. Nc3 e5 6. Ndb5 d6 7. Bg5 a6 8.
Na3 b5 9. Bxf6 gxf6 10. Nd5 f5 11. c3 Bg7 12. Bd3 Be6 13. Nxb5 Bxd5 14. exd5
Ne7 15. Na3 O-O 16. O-O e4 17. Bc2 Kh8 18. Kh1 Ng6 19. Qh5 Qf6 20. f4 Rac8 21.
Qe2 Rc5 22. Rad1 a5 23. Nc4 Rfc8 24. Ne3 Rb8 25. Bb1 Rbb5 26. g4 fxg4 27. Nxg4
Qh4 28. f5 Ne5 29. Nxe5 Bxe5 30. Rg1 Rb8 31. Rg2 Rcb5 32. Rdg1 Bxc3 33. Qxb5
Qxh2+ 34. Kxh2 1-0

[Event "Championnat de France - Open A"]
[Site "Nimes"]
[Date "2009.08.18"]
[Round "7.6"]
[White "Forestier, Carole"]
[Black "Donskoi, Karel"]
[Result "1-0"]
[WhiteElo "2111"]
[BlackElo "2007"]
[PlyCount "97"]
[EventDate "2009.??.??"]

1. d4 c5 2. d5 e5 3. e4 d6 4. h3 Be7 5. Nf3 Nf6 6. Nc3 h6 7. g4 Nh7 8. Nd2 a6
9. a4 b6 10. Ne2 Nd7 11. Nc4 Rb8 12. Ng3 Ndf6 13. Bg2 b5 14. axb5 axb5 15. Na5
Bd7 16. Nf5 Bf8 17. Be3 Ng5 18. Ng3 Ra8 19. Nb3 Rxa1 20. Qxa1 g6 21. O-O Bg7
22. Qa6 Nxh3+ 23. Bxh3 Bxg4 24. Qxb5+ Kf8 25. Bxg4 Nxg4 26. Ra1 Kg8 27. Qf1 h5
28. Qh3 Nxe3 29. fxe3 h4 30. Ne2 Rh5 31. Kf2 f5 32. exf5 Rxf5+ 33. Ke1 e4 34.
Nf4 Qf6 35. c3 Bf8 36. Ra8 Qg5 37. Ke2 Rf7 38. Qe6 Kg7 39. Qxe4 Qg4+ 40. Kd2
Kh6 41. Qe6 Rxf4 42. exf4 Qg2+ 43. Kc1 Qf1+ 44. Kc2 Qxf4 45. Nd2 Bg7 46. Qe4
Qg3 47. Ra4 g5 48. Qe6+ Kh7 49. Rg4 1-0

[Event "Championnat de France - Open A"]
[Site "Nimes"]
[Date "2009.08.18"]
[Round "7.7"]
[White "Le Ruyet, Leopold"]
[Black "Mora, Pascal"]
[Result "1-0"]
[WhiteElo "2058"]
[BlackElo "2092"]
[PlyCount "35"]
[EventDate "2009.??.??"]

1. e4 c5 2. Nf3 e6 3. d4 cxd4 4. Nxd4 Nf6 5. Nc3 Nc6 6. Ndb5 Bb4 7. Bf4 d5 8.
Nc7+ Ke7 9. Nxa8 Nxe4 10. Bc7 Qe8 11. Qf3 e5 12. O-O-O Nxc3 13. bxc3 Ba3+ 14.
Kb1 f6 15. Qxd5 Be6 16. Bd6+ Kf7 17. Nc7 Bxd5 18. Nxe8 1-0

[Event "Championnat de France - Open A"]
[Site "Nimes"]
[Date "2009.08.18"]
[Round "7.8"]
[White "Milesi, Laurent"]
[Black "Feryn, Alexandre"]
[Result "1/2-1/2"]
[WhiteElo "2091"]
[BlackElo "1994"]
[PlyCount "68"]
[EventDate "2009.??.??"]

1. b3 Nf6 2. Bb2 g6 3. f4 Bg7 4. Nf3 O-O 5. g3 d6 6. Bg2 c5 7. O-O Nc6 8. Nc3
Rb8 9. e3 b5 10. Qe2 Qb6 11. a4 a6 12. axb5 axb5 13. d3 Bb7 14. h3 Ra8 15. Rxa8
Rxa8 16. Kh2 e6 17. g4 Nd7 18. Qe1 Qa5 19. f5 Nce5 20. fxe6 fxe6 21. Ng5 Bxg2
22. Kxg2 Re8 23. d4 Qa8+ 24. Kg1 cxd4 25. exd4 Nd3 26. cxd3 Bxd4+ 27. Rf2 Ne5
28. Nce4 Nxd3 29. Bxd4 Nxe1 30. Nf6+ Kf8 31. Nd5+ Kg8 32. Nf6+ Kf8 33. Nd5+ Kg8
34. Nf6+ Kf8 1/2-1/2

[Event "Championnat de France - Open A"]
[Site "Nimes"]
[Date "2009.08.18"]
[Round "7.9"]
[White "Lagunes, Jean-Renaud"]
[Black "Guezennec, Franck"]
[Result "1-0"]
[WhiteElo "2096"]
[BlackElo "2178"]
[PlyCount "108"]
[EventDate "2009.??.??"]

1. e4 c5 2. Nf3 Nc6 3. Bb5 g6 4. Bxc6 dxc6 5. h3 Bg7 6. Qe2 e5 7. a4 Qe7 8. a5
Be6 9. d3 f6 10. Nbd2 Nh6 11. Nc4 O-O 12. O-O Nf7 13. Bd2 g5 14. Nh2 Rad8 15.
b3 Nd6 16. Nxd6 Qxd6 17. Bc3 Qd7 18. Ra4 Ra8 19. Rfa1 Rf7 20. g4 h5 21. f3 Bf8
22. Nf1 c4 23. bxc4 Rh7 24. Be1 hxg4 25. hxg4 Bc5+ 26. Bf2 Bxf2+ 27. Qxf2 Rh4
28. Rb1 c5 29. Ra2 Rc8 30. Nh2 Rc7 31. Rab2 Qh7 32. Qg2 Bc8 33. Nf1 Qd7 34. Qf2
Qh7 35. Qg2 Qh6 36. Rb5 Qf8 37. Kf2 Qd6 38. Ke1 Kf7 39. Qf2 Kg6 40. Kd2 Rh3 41.
Ne3 Rch7 42. Nf5 Rh2 43. Nxd6 Rxf2+ 44. Kc3 Bd7 45. Rxc5 Rhh2 46. Rb2 Rxf3 47.
Rxb7 Bxg4 48. Rcc7 Rh8 49. Rg7+ Kh6 50. Rxa7 Rf2 51. a6 Bd1 52. Nf5+ Kh5 53.
Rh7+ Rxh7 54. Rxh7+ Kg4 1-0

[Event "Championnat de France - Open A"]
[Site "Nimes"]
[Date "2009.08.18"]
[Round "7.10"]
[White "Bouget, Alexandre"]
[Black "Benmesbah, Natacha"]
[Result "1/2-1/2"]
[WhiteElo "2075"]
[BlackElo "2151"]
[PlyCount "107"]
[EventDate "2009.??.??"]

1. d4 Nf6 2. c4 c5 3. d5 e6 4. Nc3 exd5 5. cxd5 d6 6. e4 g6 7. f4 Bg7 8. Bb5+
Nfd7 9. a4 O-O 10. Nf3 a6 11. Bd3 Nf6 12. O-O Bg4 13. h3 Bxf3 14. Qxf3 Nbd7 15.
Be3 Qc7 16. Bf2 Rab8 17. a5 b5 18. axb6 Rxb6 19. Rxa6 Rxa6 20. Bxa6 Qa5 21. Qe2
Ra8 22. Bb5 Nb6 23. Bc6 Ra7 24. Qb5 Nh5 25. Qxa5 Rxa5 26. Bh4 Nc4 27. g4 Bd4+
28. Kh1 Ng7 29. Bd8 Ra6 30. Bb5 Ra8 31. Bxc4 Rxd8 32. Nb5 Bxb2 33. Rb1 Bd4 34.
Nxd4 cxd4 35. Rd1 Ra8 36. Rxd4 Ra4 37. Kg2 Ne8 38. Kf3 Nf6 39. Ke3 g5 40. e5
gxf4+ 41. Rxf4 dxe5 42. Rxf6 Rxc4 43. Rf5 Kf8 44. Rxe5 Rc3+ 45. Ke4 Rxh3 46. d6
Rh1 47. d7 Re1+ 48. Kf4 Rxe5 49. d8=Q+ Re8 50. Qd4 Kg8 51. g5 Re6 52. Kf5 h6
53. Qd8+ Kg7 54. Qd4+ 1/2-1/2

[Event "Championnat de France - Open A"]
[Site "Nimes"]
[Date "2009.08.19"]
[Round "8.1"]
[White "Amoyal, Pierre"]
[Black "Muller, Anne"]
[Result "1/2-1/2"]
[WhiteElo "2139"]
[BlackElo "2130"]
[PlyCount "153"]

1. d4 Nf6 2. Nf3 e6 3. g3 b5 4. Bg2 Bb7 5. O-O c5 6. a4 a6 7. axb5 axb5 8. Rxa8
Bxa8 9. Bg5 Na6 10. dxc5 Nxc5 11. Nc3 b4 12. Nb5 Qb6 13. Bxf6 gxf6 14. Nbd4 Bg7
15. Qd2 O-O 16. Ra1 f5 17. Qe3 Rc8 18. Rd1 Be4 19. Qg5 h6 20. Qe7 Qb8 21. Ne1
Bxg2 22. Nxg2 Bf8 23. Qh4 Ne4 24. Ne3 Qa7 25. Nb3 d5 26. Ra1 Qb6 27. Qf4 Bg7
28. g4 Ng5 29. Kh1 d4 30. Ng2 d3 31. cxd3 Nh3 32. Qe3 Nxf2+ 33. Kg1 Qxe3 34.
Nxe3 Nxg4 35. Nc4 Ne5 36. Nba5 Ra8 37. Rc1 Nxc4 38. Nxc4 Ra2 39. Rb1 Kf8 40.
Kf2 Ke7 41. Ke3 Bf6 42. d4 Ra8 43. Rd1 Rd8 44. Rd3 Rc8 45. Na5 Kd6 46. Rb3 Rb8
47. Kd3 Kd5 48. e3 Bd8 49. Nc4 Bc7 50. h3 f6 51. Nd2 Bd6 52. e4+ fxe4+ 53. Nxe4
Be7 54. Nc3+ Kc6 55. Ne2 Bd6 56. Kc4 Rg8 57. Rf3 f5 58. Nc1 Rg2 59. Nd3 h5 60.
Re3 Rc2+ 61. Kb3 Rd2 62. Kc4 Kd7 63. b3 Rc2+ 64. Kb5 Rc3 65. Rf3 Ke7 66. Ne1
Rc1 67. Nd3 Rc3 68. Ne1 Kf6 69. Rxc3 bxc3 70. Kc4 f4 71. Kxc3 Kf5 72. Kd3 Kg5
73. Nf3+ Kf5 74. Nh4+ Kg5 75. Nf3+ Kf5 76. Nh4+ Kg5 77. Nf3+ 1/2-1/2

[Event "Championnat de France - Open A"]
[Site "Nimes"]
[Date "2009.08.19"]
[Round "8.2"]
[White "Fantinel, Thibault"]
[Black "Candy, Romain"]
[Result "1/2-1/2"]
[WhiteElo "2089"]
[BlackElo "2112"]
[PlyCount "72"]

1. e4 c5 2. Nf3 d6 3. Bb5+ Bd7 4. Bxd7+ Qxd7 5. O-O Nc6 6. c3 Nf6 7. Qe2 e6 8.
d4 cxd4 9. cxd4 d5 10. e5 Ne4 11. Be3 Be7 12. Ne1 f6 13. f3 Ng5 14. Nd3 O-O 15.
Bf2 Rac8 16. Nc3 Nf7 17. Rac1 fxe5 18. dxe5 d4 19. Nb1 Qd5 20. Rfd1 Ncxe5 21.
Nxe5 Nxe5 22. Nc3 Nxf3+ 23. gxf3 Qg5+ 24. Kh1 dxc3 25. Qxe6+ Kh8 26. Rxc3 Rxc3
27. bxc3 Bc5 28. Bd4 Bxd4 29. cxd4 Qf6 30. Qxf6 Rxf6 31. Kg2 Kg8 32. Kf2 Kf7
33. Ke3 Ke7 34. Rb1 b6 35. Rc1 Kd6 36. Rc8 Rf7 1/2-1/2

[Event "Championnat de France - Open A"]
[Site "Nimes"]
[Date "2009.08.19"]
[Round "8.3"]
[White "Forestier, Carole"]
[Black "Castro, John"]
[Result "0-1"]
[WhiteElo "2111"]
[BlackElo "2071"]
[PlyCount "78"]

1. d4 Nf6 2. c4 g6 3. Nc3 Bg7 4. e4 d6 5. f4 O-O 6. Nf3 c5 7. d5 e6 8. Be2 exd5
9. cxd5 Bg4 10. O-O Re8 11. h3 Bxf3 12. Bxf3 Qa5 13. Qe2 Nbd7 14. Be3 Nb6 15.
Rfe1 Nfxd5 16. Nxd5 Nxd5 17. Bd2 Qb6 18. Qc4 Qxb2 19. Qxd5 Bd4+ 20. Kh1 Qxd2
21. e5 Qxf4 22. Re4 Qg3 23. e6 fxe6 24. Rxe6 Rxe6 25. Qxe6+ Kh8 26. Rd1 Be5 27.
Kg1 Rf8 28. Qd5 b5 29. Qb7 Re8 30. Be4 Bf4 31. Kf1 Bh6 32. Bc6 Rf8+ 33. Bf3 Be3
34. Ke2 Qf2+ 35. Kd3 Bd4 36. Qxb5 Qxa2 37. Qd7 Qb3+ 38. Ke4 d5+ 39. Qxd5 Qe3#
0-1

[Event "Championnat de France - Open A"]
[Site "Nimes"]
[Date "2009.08.19"]
[Round "8.4"]
[White "Laborde, Stephane"]
[Black "Le Ruyet, Leopold"]
[Result "0-1"]
[WhiteElo "2087"]
[BlackElo "2058"]
[PlyCount "72"]

1. e4 c5 2. c3 d5 3. exd5 Qxd5 4. d4 Nf6 5. Nf3 Bg4 6. dxc5 Qxc5 7. Be3 Qc7 8.
Na3 a6 9. Nc4 Nbd7 10. h3 Bh5 11. Qd4 Bxf3 12. gxf3 e5 13. Qd3 b5 14. Nd2 Nc5
15. Qc2 Be7 16. Rg1 Ne6 17. a4 b4 18. Bc4 O-O 19. a5 Nf4 20. Bb6 Qb7 21. Qf5
bxc3 22. bxc3 Nd7 23. Be3 Bc5 24. Bxc5 Nxc5 25. Rb1 Qc7 26. Rb6 Nce6 27. Ne4
Kh8 28. Bb3 Rab8 29. Bc2 Qc4 30. Kd2 Rbd8+ 31. Nd6 g6 32. Qxe5+ f6 33. Qe4 Qc5
34. Rgb1 Rxd6+ 35. Rxd6 Qxd6+ 36. Ke1 Ng5 0-1

[Event "Championnat de France - Open A"]
[Site "Nimes"]
[Date "2009.08.19"]
[Round "8.5"]
[White "Milesi, Laurent"]
[Black "Girard, Eric"]
[Result "1/2-1/2"]
[WhiteElo "2091"]
[BlackElo "2150"]
[PlyCount "56"]

1. b3 e6 2. Bb2 f5 3. c4 Nf6 4. g3 Be7 5. Bg2 O-O 6. Nf3 d6 7. O-O Qe8 8. d4
Ne4 9. Nc3 Nxc3 10. Bxc3 Bf6 11. Qc2 e5 12. dxe5 dxe5 13. e4 Nc6 14. exf5 Qh5
15. Qb2 Qxf5 16. Rae1 Re8 17. Re3 Bd7 18. Rfe1 Nd4 19. Nxd4 exd4 20. Bd5+ Kh8
21. Rxe8+ Rxe8 22. Rxe8+ Bxe8 23. Bxd4 c6 24. Bxf6 gxf6 25. Bg2 Bg6 26. h3 Qb1+
27. Qxb1 Bxb1 28. b4 Bxa2 1/2-1/2

[Event "Championnat de France - Open A"]
[Site "Nimes"]
[Date "2009.08.19"]
[Round "8.6"]
[White "Loiseau, Quentin"]
[Black "Ribeiro, Romain"]
[Result "1-0"]
[WhiteElo "2093"]
[BlackElo "2141"]
[PlyCount "109"]

1. e4 c5 2. Nf3 d6 3. d4 cxd4 4. Nxd4 Nf6 5. Nc3 a6 6. Be3 e6 7. g4 b5 8. g5
Nfd7 9. a3 Bb7 10. h4 Nc5 11. Bg2 Nc6 12. Nxc6 Bxc6 13. h5 a5 14. Qg4 Qc8 15.
Ne2 e5 16. Qh4 Be7 17. Ng3 g6 18. hxg6 fxg6 19. O-O Ne6 20. Bh3 Bd7 21. f4 exf4
22. Bxe6 fxe3 23. Bf7+ Kd8 24. Bd5 Bc6 25. Rad1 Bxd5 26. Rxd5 Qe6 27. Qf4 Kd7
28. Qxe3 h6 29. Rfd1 hxg5 30. e5 Ke8 31. R1d3 Kf7 32. Qf3+ Kg7 33. exd6 Bf6 34.
Re3 Qh3 35. Nf5+ gxf5 36. Qxh3 Rxh3 37. Rxh3 g4 38. Rb3 f4 39. Rf5 Bd4+ 40. Kf1
Be3 41. Rg5+ Kf6 42. Rxg4 Rd8 43. Rd3 Kf5 44. Rh4 Rg8 45. Rh1 Ke4 46. d7 Bd4
47. Rh2 Rg1+ 48. Ke2 Rg8 49. Rxd4+ Kxd4 50. Kf3 Kc5 51. Rd2 Rd8 52. Kxf4 Kc6
53. Ke5 Kc7 54. Ke6 Rh8 55. d8=Q+ 1-0

[Event "Championnat de France - Open A"]
[Site "Nimes"]
[Date "2009.08.19"]
[Round "8.7"]
[White "Giry, Jean-Marc"]
[Black "Suez-Panama, Gilles"]
[Result "0-1"]
[WhiteElo "2006"]
[BlackElo "2122"]
[PlyCount "58"]

1. c4 Nf6 2. g3 g6 3. Bg2 Bg7 4. Nc3 O-O 5. e4 c5 6. Nge2 Nc6 7. O-O d6 8. d3
Nd4 9. Nxd4 cxd4 10. Ne2 Nd7 11. b4 a5 12. Bb2 e5 13. a3 f5 14. f4 Nf6 15. h3
fxe4 16. dxe4 axb4 17. axb4 Rxa1 18. Bxa1 b6 19. Nxd4 exd4 20. Qxd4 Be6 21. Rd1
Nh5 22. e5 Nxg3 23. Qe3 Nf5 24. Qe2 Qc8 25. Bd5 Re8 26. Qe4 dxe5 27. fxe5 Qc7
28. Bc6 Re7 29. Kg2 Ne3+ 0-1

[Event "Championnat de France - Open A"]
[Site "Nimes"]
[Date "2009.08.19"]
[Round "8.8"]
[White "Delay, Guillaume"]
[Black "Lallement, Victor"]
[Result "1/2-1/2"]
[WhiteElo "1994"]
[BlackElo "2106"]
[PlyCount "105"]

1. e4 c5 2. Nf3 d6 3. d4 cxd4 4. Nxd4 Nf6 5. Nc3 a6 6. g3 e5 7. Nb3 b5 8. a4 b4
9. Nd5 Bb7 10. Nxf6+ gxf6 11. Bg2 f5 12. Qd3 Qc7 13. O-O fxe4 14. Bxe4 Bxe4 15.
Qxe4 Qc6 16. Qxb4 Nd7 17. Na5 Qxc2 18. Qb7 Qc8 19. Rd1 Be7 20. Be3 Nf6 21. Qf3
d5 22. Rac1 Qe6 23. Rc6 e4 24. Qf4 Qg4 25. Qxg4 Nxg4 26. Rxd5 Nxe3 27. fxe3 O-O
28. Rc4 f5 29. g4 Bg5 30. gxf5 Bxe3+ 31. Kf1 Rae8 32. Rc6 Bf4 33. Nc4 Rc8 34.
Rdc5 Rxc6 35. Rxc6 Rxf5 36. Rxa6 Bxh2+ 37. Ke2 Rc5 38. b3 h5 39. Re6 Kf7 40.
Rxe4 Bg3 41. b4 Rc8 42. b5 Re8 43. Rxe8 Kxe8 44. a5 Kd7 45. a6 Bb8 46. b6 Kc6
47. Kf3 Bh2 48. a7 Kb7 49. Kg2 Bf4 50. Kf3 Bh2 51. Kf2 h4 52. Ne3 Bd6 53. Nd5
1/2-1/2

[Event "Championnat de France - Open A"]
[Site "Nimes"]
[Date "2009.08.19"]
[Round "8.9"]
[White "Feryn, Alexandre"]
[Black "Lagunes, Jean-Renaud"]
[Result "1-0"]
[WhiteElo "1994"]
[BlackElo "2096"]
[PlyCount "73"]

1. e4 d5 2. exd5 Qxd5 3. Nc3 Qa5 4. d4 Nf6 5. Nf3 Bf5 6. Bc4 e6 7. Bd2 c6 8.
O-O Bb4 9. Re1 O-O 10. a3 Bxc3 11. Bxc3 Qc7 12. Bd3 Bxd3 13. Qxd3 Nbd7 14. Ne5
Nxe5 15. dxe5 Rfd8 16. Qg3 Nd7 17. h4 Nf8 18. h5 Rd5 19. Rad1 Rad8 20. Rd3 Rxd3
21. cxd3 c5 22. Re3 Rd5 23. Qg4 Qd8 24. Rg3 g6 25. Qf3 b6 26. Qe4 b5 27. Bd2
Qc7 28. Bf4 Rd4 29. Qe3 Nd7 30. hxg6 fxg6 31. b4 Qc6 32. Bh6 Qc8 33. Rf3 Rd5
34. Qf4 Qe8 35. bxc5 Rxc5 36. Qd4 Rxe5 37. Qxd7 1-0

[Event "Championnat de France - Open A"]
[Site "Nimes"]
[Date "2009.08.19"]
[Round "8.10"]
[White "Guignier, Nicolas"]
[Black "Billon, Olivier"]
[Result "0-1"]
[WhiteElo "2146"]
[BlackElo "1991"]
[PlyCount "82"]

1. e4 c5 2. c3 Nf6 3. e5 Nd5 4. d4 cxd4 5. Nf3 Nc6 6. Bc4 Nb6 7. Bb3 g6 8. Ng5
d5 9. exd6 e6 10. Ne4 Bg7 11. cxd4 O-O 12. Nbc3 f5 13. Bg5 Qe8 14. Nd2 h6 15.
Bf4 Nxd4 16. Nf3 Nxb3 17. Qxb3 Qc6 18. O-O Nc4 19. Rad1 g5 20. Nd4 Qa6 21. Bc1
Bd7 22. Ncb5 Na5 23. Qb4 Nc6 24. Nxc6 Qxc6 25. Be3 Qxb5 26. Qd2 e5 27. f3 Be6
28. b3 Rfd8 29. Qb2 Rd7 30. Rd2 b6 31. Rfd1 Rc8 32. Qb1 Qc6 33. Rd3 Qb5 34. a4
Qc6 35. Rc1 Qb7 36. Rcd1 e4 37. fxe4 Qxe4 38. Bf2 Qc6 39. h4 Rcd8 40. Rc1 Qb7
41. Rcd1 Qb8 0-1

[Event "Championnat de France - Open A"]
[Site "Nimes"]
[Date "2009.08.20"]
[Round "9.1"]
[White "Castro, John"]
[Black "Amoyal, Pierre"]
[Result "1/2-1/2"]
[WhiteElo "2071"]
[BlackElo "2139"]
[PlyCount "135"]

1. e4 d5 2. exd5 Qxd5 3. Nc3 Qd6 4. d4 Nf6 5. Be2 g6 6. Nf3 Bg7 7. O-O a6 8.
Bg5 O-O 9. Qd2 Nc6 10. Bf4 Qd8 11. Rad1 Bf5 12. d5 Na7 13. Qc1 Nc8 14. Nb1 Bg4
15. c4 Nb6 16. Nbd2 Nh5 17. Be3 Na4 18. h3 Bxf3 19. Nxf3 Nxb2 20. Rd2 Na4 21.
Qc2 Nb6 22. Rb1 Nf6 23. Rdd1 Rb8 24. Qb3 Ne4 25. Rbc1 Nd7 26. Qa3 b6 27. Nd4
Bxd4 28. Bxd4 Nec5 29. Ba1 a5 30. h4 e5 31. dxe6 fxe6 32. h5 Qh4 33. Bf3 Rf7
34. hxg6 hxg6 35. Rd4 Qh6 36. Rcd1 Rh7 37. Kf1 Rf8 38. Rg4 Nf6 39. Rg3 Rhf7 40.
Rh3 Qg5 41. Qc3 Qf5 42. Kg1 Rh7 43. Rxh7 Kxh7 44. g3 Kg7 45. Qe3 Kf7 46. Kg2
Rh8 47. Qd4 Re8 48. Bc6 Rh8 49. Bf3 g5 50. Re1 Qh3+ 51. Kg1 Ncd7 52. Bg2 Qh2+
53. Kf1 Qh7 54. Bc6 Qh3+ 55. Bg2 Qf5 56. Kg1 Nc5 57. Qc3 Rd8 58. Re5 Rd1+ 59.
Re1 Rxe1+ 60. Qxe1 Nd3 61. Qd2 Ng4 62. Bd4 Nde5 63. Bxe5 Nxe5 64. Qd8 Qb1+ 65.
Bf1 c5 66. Qc7+ Kf6 67. Qd8+ Kf7 68. Qc7+ 1/2-1/2

[Event "Championnat de France - Open A"]
[Site "Nimes"]
[Date "2009.08.20"]
[Round "9.2"]
[White "Le Ruyet, Leopold"]
[Black "Fantinel, Thibault"]
[Result "1-0"]
[WhiteElo "2058"]
[BlackElo "2089"]
[PlyCount "89"]

1. e4 c5 2. Nf3 e6 3. d4 cxd4 4. Nxd4 Nc6 5. Nc3 Qc7 6. Be3 a6 7. Qd2 Nf6 8. f3
Ne5 9. f4 Bb4 10. fxe5 Nxe4 11. Qd3 Nxc3 12. a3 Ba5 13. b4 Bb6 14. Kd2 Nd5 15.
c4 Nxe3 16. Qxe3 Bxd4 17. Qxd4 b6 18. Bd3 Bb7 19. Rhf1 Rd8 20. c5 bxc5 21. bxc5
O-O 22. Rf6 Qa5+ 23. Ke2 Rc8 24. Rc1 Qxa3 25. Rc2 Qb3 26. Rc4 Qa2+ 27. Bc2 a5
28. Kd1 g6 29. h4 Qa3 30. Rc3 Qb4 31. Rc4 Qa3 32. Rc3 Qa1+ 33. Ke2 Qh1 34. Rg3
Bxg2 35. Qg4 Bd5 36. h5 Qc1 37. Rc3 Qb2 38. Qg3 Kh8 39. Kd2 Qb4 40. Rf4 Qb8 41.
Rh4 Rg8 42. hxg6 fxg6 43. Rxh7+ Kxh7 44. Qh4+ Kg7 45. Qf6+ 1-0

[Event "Championnat de France - Open A"]
[Site "Nimes"]
[Date "2009.08.20"]
[Round "9.3"]
[White "Billon, Olivier"]
[Black "Muller, Anne"]
[Result "1/2-1/2"]
[WhiteElo "1991"]
[BlackElo "2130"]
[PlyCount "53"]

1. e4 c5 2. Nf3 d6 3. d4 cxd4 4. Nxd4 Nf6 5. Nc3 e6 6. g4 e5 7. Nf5 h5 8. g5
Nxe4 9. Nxg7+ Bxg7 10. Nxe4 d5 11. Ng3 Nc6 12. Nxh5 Rxh5 13. Qxh5 Nd4 14. g6
Qf6 15. gxf7+ Kf8 16. Be3 Nxc2+ 17. Kd2 d4 18. Kxc2 Qc6+ 19. Kd3 Qxh1 20. Bh6
Qd5 21. Bxg7+ Kxg7 22. Qh8+ Kxh8 23. f8=Q+ Kh7 24. Qe7+ Kg6 25. Qe8+ Kg7 26.
Qe7+ Kg6 27. Qe8+ 1/2-1/2